| 000 -LEADER | |
|---|---|
| fixed length control field | 01038nam a2200253Ia 4500 |
| 008 - FIXED-LENGTH DATA ELEMENTS--GENERAL INFORMATION | |
| fixed length control field | 191130s2009##################000#0#eng## |
| 020 ## - INTERNATIONAL STANDARD BOOK NUMBER | |
| ISBN | 9783039116607 |
| 082 ## - DEWEY DECIMAL CLASSIFICATION NUMBER | |
| Classification number | 420.9 OST |
| 100 ## - MAIN ENTRY--AUTHOR NAME | |
| Personal name | Tieken-Boon van Ostade, Ingrid |
| 245 ## - TITLE STATEMENT | |
| Title | Current issues in late modern English |
| Statement of responsibility, etc | Ingrid Tieken-Boon van Ostade & Wim van der Wurff (eds) |
| 260 ## - PUBLICATION, DISTRIBUTION, ETC. (IMPRINT) | |
| Place of publication | Bern |
| Name of publisher | Peter Lang |
| Year of publication | 2009 |
| 300 ## - PHYSICAL DESCRIPTION | |
| Number of Pages | 436 p. : ill. ; 23 cm |
| 500 ## - GENERAL NOTE | |
| General note | Papers presented at the 3rd International Conference on Late Modern English, held at the University of Leiden in 2007. Includes bibliographical references |
| 650 ## - SUBJECT ADDED ENTRY--TOPICAL TERM | |
| Topical Term | English language - 18th century - Congresses |
| Topical Term | English language - 19th century - Congresses |
| Topical Term | English language - 20th century - Congresses |
| 700 ## - ADDED ENTRY--PERSONAL NAME | |
| Personal name | Wurff, Wim van der |
| 710 ## - ADDED ENTRY--CORPORATE NAME | |
| Corporate name or jurisdiction name as entry element | International Conference on Late Modern English (3rd : 2007 : University of Leiden) |
| 991 ## - | |
| -- | 387597 |
| Withdrawn status | Lost status | Damaged status | Not for loan | Home library | Current library | Shelving location | Date acquired | Full call number | Accession Number | Price effective from | Koha item type |
|---|---|---|---|---|---|---|---|---|---|---|---|
| Anna Centenary Library | Anna Centenary Library | 4TH FLOOR, B WING | 12.10.2020 | 420.9 OST | 218270 | 12.10.2020 | English Books |